| 000 | 00462nam a2200169 a 4500 | ||
|---|---|---|---|
| 001 | 4060 | ||
| 005 | 20140414131958.0 | ||
| 008 | 081215s19uu xx 00 eng d | ||
| 020 | _a1-85997-761-8 | ||
| 050 |
_aTR 793.7 _bF58 2002 |
||
| 245 | _a500 puzzles and games. | ||
| 260 |
_aChichester, Wester Susex : _bAutumn, _cc2002. |
||
| 300 | _a1 v. (unpaged) : col., ill. | ||
| 440 | _aFun time for kids | ||
| 650 | _aMathematical recreations. | ||
| 999 |
_c112991 _d112991 |
||